| 000 | 00732nam a22001937a 4500 | ||
|---|---|---|---|
| 999 |
_c17372 _d17372 |
||
| 003 | AR-CdUCM | ||
| 008 | 190508b ||||| |||| 00| 0 spa d | ||
| 040 |
_aMUNICIPALIDAD PROVINCIAL DEL CUSCO _cBIBLIOTECA MUNICIPAL DEL CUSCO |
||
| 082 |
_a373 / _bL98 |
||
| 100 |
_aLuzuriaga, Lorenzo. _96575 |
||
| 245 | _aPedagogía / | ||
| 260 |
_aBuenos Aires : _bLosada, _c1962. |
||
| 300 |
_a331 páginas ; _c20 cm. |
||
| 440 |
_aBiblioteca pedagógica. _936504 |
||
| 505 | _aContenido :Concepto de la pedagogía -- Concepto de la educación -- Los factores de la educación -- La finalidad de la educación -- La estructura de la educación ... | ||
| 650 |
_aEducación superior. _92963 |
||
| 942 |
_2ddc _cLIBROS |
||
| 945 |
_arum _d2019-05-08 |
||